The Great Quill.

Bibliographic Details
Main Author: Garson, Paul
Format: Book
Language:English
Published: Garden City, N.Y. : Doubleday, 1973.
Edition:[1st ed.].
Series:Doubleday science fiction.

MARC

Tag First Indicator Second Indicator Subfields
LEADER 00000cam a2200000 4500
001 in00000048456
005 20151007071619.0
008 731023s1973 nyu 00001 eng
010 |a  73080014  
020 |a 0385049102  |c $5.95 
035 |a (OCoLC)00741175 
035 |9 AAE6309AM 
040 |a DLC  |c DLC  |d TXA  |d UtOrBLW 
049 |a TXAS  |c [1102639] 
050 0 0 |a PZ4.G2427  |b Gr  |a PS3557.A79 
082 0 |a 813/.5/4 
100 1 |a Garson, Paul. 
245 1 4 |a The Great Quill. 
250 |a [1st ed.]. 
264 1 |a Garden City, N.Y. :  |b Doubleday,  |c 1973. 
300 |a 183 pages ;  |c 22 cm. 
336 |a text  |b txt  |2 rdacontent 
337 |a unmediated  |b n  |2 rdamedia 
338 |a volume  |b nc  |2 rdacarrier 
490 1 |a Doubleday science fiction 
830 0 |a Doubleday science fiction. 
999 |a MARS 
999 f f |s 41fec075-badc-3bda-8fb2-038e6f20dff2  |i 981e573d-fba7-35df-89cb-65f8be71c300  |t 0 
952 f f |p noncirc  |a Texas A&M University  |b College Station  |c Cushing Memorial Library & Archives  |d Cushing: Science Fiction (Does not check out)  |t 0  |e PZ4.G2427 Gr  |h Library of Congress classification  |i unmediated -- volume 
998 f f |a PZ4.G2427 Gr  |t 0  |l Cushing: Science Fiction (Does not check out)